[Event "Ayvalik Elma"]
[Site "Ayvalik"]
[Date "2023.10.09"]
[Round "3"]
[White "Eken, Atakan"]
[Black "Kurbandurdyew, Shageldi"]
[Result "0-1"]
[WhiteElo "1863"]
[BlackElo "1817"]
[PlyCount "68"]
[EventDate "2023.10.09"]
[EventType "tourn"]
[EventRounds "9"]
[EventCountry "TUR"]
[SourceTitle "Mega2024 Update 01"]
[Source "Chessbase"]
[SourceDate "2023.11.12"]
[SourceVersion "1"]
[SourceVersionDate "2023.11.12"]
[SourceQuality "1"]

1. e4 e5 2. Nf3 d6 3. Bc4 h6 4. d4 exd4 5. Nxd4 Nf6 6. 0-0 Be7 7. Nc3 0-0 8. Qf3 Nbd7 9. Bf4 Ne5 10. Bxe5 dxe5 11. Nf5 Bxf5 12. Qxf5 Qd4 13. Bb3 c6 14. Rad1 Qc5 15. Rd3 Rad8 16. Rfd1 Rxd3 17. Rxd3 Kh8 18. h3 b5 19. Ne2 g6 20. Qf3 Kg7 21. Ng3 a5 22. a3 a4 23. Rc3 Qd4 24. Ba2 c5 25. Qd3 c4 26. Qe2 Rd8 27. Kf1 Qd1+ 28. Qe1 Rd7 29. Bb1 Bd8 30. Re3 Ba5 31. c3 Qb3 32. Ke2 Qxb2+ 33. Kf3 Qxa3 34. h4 Qb3 0-1

[Event "Wch U08"]
[Site "Batumi"]
[Date "2016.10.28"]
[Round "9"]
[White "Kurbandurdyew, Shageldi"]
[Black "Mardov, Dimitar"]
[Result "1-0"]
[WhiteElo "1240"]
[BlackElo "1369"]
[PlyCount "91"]
[EventDate "2016.10.19"]
[EventType "swiss"]
[EventRounds "11"]
[EventCountry "GEO"]
[SourceTitle "CBM 175 Extra"]
[Source "ChessBase"]
[SourceDate "2016.12.12"]
[SourceVersion "1"]
[SourceVersionDate "2016.12.12"]
[SourceQuality "1"]

1. d4 d5 2. c4 c6 3. cxd5 cxd5 4. Nf3 Nf6 5. Nc3 Nc6 6. Bf4 a6 7. e3 Bf5 8. Bd3 Bxd3 9. Qxd3 e6 10. 0-0 Bd6 11. Bxd6 Qxd6 12. a3 0-0 13. b4 b5 14. Rac1 Rac8 15. Rc2 Rc7 16. Rfc1 Rfc8 17. Ne2 Ne4 18. Ng3 f5 19. Qe2 Nf6 20. Nd2 f4 21. Ngf1 e5 22. dxe5 Qxe5 23. Nf3 Qd6 24. exf4 d4 25. Qd3 Nd5 26. g3 Qf6 27. Qb3 Qf7 28. Ng5 Qd7 29. Rc5 Nce7 30. Qd3 Nf6 31. Rxc7 Rxc7 32. Rxc7 Qxc7 33. Qxd4 Ned5 34. Ne3 Nc3 35. Ne6 Qc6 36. Qd8+ Ne8 37. Nc7 Kf8 38. Nxe8 Qxe8 39. Qd6+ Qe7 40. Qxa6 Ne2+ 41. Kf1 Nd4 42. Qc8+ Kf7 43. Qc3 Qd7 44. Qc5 Ne6 45. Qd5 Qc8 46. f5 1-0